[Event "Milan SSM Septembre"]
[Site "Milan"]
[Date "2015.09.13"]
[Round "4"]
[White "Colica, Daniele"]
[Black "Pirovano, Ezio"]
[Result "0-1"]
[WhiteElo "1660"]
[BlackElo "1463"]
[PlyCount "84"]
[EventDate "2015.09.10"]
[EventType "swiss"]
[EventRounds "5"]
[EventCountry "ITA"]
[SourceTitle "EXT 2024"]
[Source "ChessBase"]
[SourceDate "2023.10.10"]
[SourceVersion "1"]
[SourceVersionDate "2023.10.10"]
[SourceQuality "1"]

1. e4 c6 2. Nc3 d5 3. Nf3 Bg4 4. exd5 cxd5 5. h3 Bxf3 6. Qxf3 Nf6 7. Bb5+ Nc6 8. d3 e6 9. Bg5 Be7 10. 0-0 0-0 11. Bxc6 bxc6 12. Rfe1 Nd7 13. Bxe7 Qxe7 14. d4 Qb4 15. Qd3 Rab8 16. a3 Qe7 17. b4 Qf6 18. Re3 Qg6 19. Qe2 Qf6 20. Rd1 Rfe8 21. b5 Rec8 22. bxc6 Rxc6 23. Nxd5 exd5 24. Rdd3 Re6 25. Rxe6 Qxe6 26. Re3 Qd6 27. Re8+ Rxe8 28. Qxe8+ Nf8 29. Qa4 Qd7 30. Qa5 h6 31. Kh2 Ne6 32. c3 Qc7+ 33. Qxc7 Nxc7 34. a4 Kf8 35. Kg3 Ke7 36. Kf4 Kf6 37. g3 a5 38. f3 Na8 39. c4 dxc4 40. Ke4 Ke6 41. d5+ Kd6 42. Kd4 Nb6 0-1

[Event "Milan SSM Septembre"]
[Site "Milan"]
[Date "2015.09.12"]
[Round "3"]
[White "Pirovano, Ezio"]
[Black "Carli, Federico"]
[Result "0-1"]
[WhiteElo "1463"]
[BlackElo "1675"]
[PlyCount "48"]
[EventDate "2015.09.10"]
[EventType "swiss"]
[EventRounds "5"]
[EventCountry "ITA"]
[SourceTitle "EXT 2024"]
[Source "ChessBase"]
[SourceDate "2023.10.10"]
[SourceVersion "1"]
[SourceVersionDate "2023.10.10"]
[SourceQuality "1"]

1. e4 g6 2. d4 Bg7 3. c4 d6 4. Nc3 Nf6 5. Nf3 0-0 6. Be2 Nbd7 7. 0-0 e5 8. Be3 c6 9. d5 cxd5 10. cxd5 Ng4 11. Bg5 f6 12. Bh4 Nh6 13. Qd2 a5 14. Na4 Nb6 15. Nc3 Nd7 16. Na4 Rb8 17. Ng5 Nc5 18. Nxc5 dxc5 19. Rab1 Qb6 20. Nf3 Nf7 21. Bc4 Nd6 22. Qd3 Qc7 23. Nd2 b5 24. f3 bxc4 0-1

[Event "Milan Palladino Memorial-B 7th"]
[Site "Milan"]
[Date "2015.04.06"]
[Round "7"]
[White "Pirovano, Ezio"]
[Black "Russo, Luca"]
[Result "1-0"]
[WhiteElo "1433"]
[BlackElo "1609"]
[PlyCount "47"]
[EventDate "2015.04.02"]
[EventType "swiss"]
[EventRounds "7"]
[EventCountry "ITA"]
[SourceTitle "EXT 2017"]
[Source "ChessBase"]
[SourceDate "2016.10.25"]
[SourceVersion "1"]
[SourceVersionDate "2016.10.25"]
[SourceQuality "1"]

1. e4 e6 2. d4 d5 3. Nc3 Bb4 4. e5 Qd7 5. a3 Bf8 6. Nf3 Nc6 7. Bd3 b6 8. 0-0 Bb7 9. Qe2 0-0-0 10. b4 f6 11. Bb5 Kb8 12. a4 Bxb4 13. Bd2 Nge7 14. Na2 Bxd2 15. Qxd2 Qc8 16. Rfe1 Ba6 17. Bxa6 Qxa6 18. Nb4 Qc4 19. Nxc6+ Qxc6 20. Qb4 Rde8 21. a5 Qc4 22. Qb2 b5 23. Re3 a6 24. Rc3 1-0

[Event "Milan Palladino Memorial-B 7th"]
[Site "Milan"]
[Date "2015.04.03"]
[Round "2"]
[White "Ceraulo, Carlo Alberto"]
[Black "Pirovano, Ezio"]
[Result "1-0"]
[WhiteElo "1467"]
[BlackElo "1433"]
[PlyCount "85"]
[EventDate "2015.04.02"]
[EventType "swiss"]
[EventRounds "7"]
[EventCountry "ITA"]
[SourceTitle "EXT 2017"]
[Source "ChessBase"]
[SourceDate "2016.10.25"]
[SourceVersion "1"]
[SourceVersionDate "2016.10.25"]
[SourceQuality "1"]

1. d4 Nf6 2. c4 e6 3. Nc3 d5 4. Bg5 Nbd7 5. e3 c6 6. c5 b6 7. b4 bxc5 8. bxc5 Qa5 9. Qd2 Be7 10. Nf3 Qd8 11. Bd3 a5 12. Qe2 Qc7 13. 0-0 e5 14. Nxe5 Nxe5 15. Bf4 Nfd7 16. Na4 Bf6 17. Rab1 Qd8 18. dxe5 Bxe5 19. Nb6 Nxb6 20. Bxe5 Nd7 21. Bxg7 Rg8 22. Bd4 Qg5 23. f4 Qe7 24. Bxh7 Ba6 25. Qf3 Bxf1 26. Bxg8 Bd3 27. Rd1 Be4 28. Qh3 Qf8 29. Bh7 Nxc5 30. Bxc5 Qxc5 31. Bxe4 Rd8 32. Qh8+ Ke7 33. Qd4 Qxd4 34. Rxd4 dxe4 35. Rxd8 Kxd8 36. g4 Ke7 37. Kf2 f6 38. Ke2 Ke6 39. Kd2 Kd6 40. Kc3 Kd5 41. h4 Ke6 42. Kc4 Kd6 43. h5 1-0

[Event "Milan Palladino Memorial-B 7th"]
[Site "Milan"]
[Date "2015.04.02"]
[Round "1"]
[White "Pirovano, Ezio"]
[Black "Colica, Daniele"]
[Result "0-1"]
[WhiteElo "1433"]
[BlackElo "1624"]
[PlyCount "76"]
[EventDate "2015.04.02"]
[EventType "swiss"]
[EventRounds "7"]
[EventCountry "ITA"]
[SourceTitle "EXT 2017"]
[Source "ChessBase"]
[SourceDate "2016.10.25"]
[SourceVersion "1"]
[SourceVersionDate "2016.10.25"]
[SourceQuality "1"]

1. e4 d5 2. exd5 Nf6 3. d4 Bg4 4. Nf3 Qxd5 5. Be2 Nc6 6. Nc3 Qh5 7. h3 0-0-0 8. Be3 e5 9. Rh2 Nxd4 10. Bxd4 Bxf3 11. Bxf3 Qg6 12. Qd3 Qxd3 13. cxd3 Rxd4 14. 0-0-0 Bc5 15. Rhh1 Rhd8 16. Kc2 c6 17. Ne4 Nxe4 18. Bxe4 g6 19. g4 f6 20. Rhf1 Kc7 21. f4 f5 22. gxf5 gxf5 23. Bxf5 Rxf4 24. Rxf4 exf4 25. Bxh7 Be3 26. Be4 Rg8 27. Rh1 Rg3 28. h4 f3 29. Rf1 f2 30. Kd1 Kd6 31. Ke2 Ke5 32. Rh1 Rg1 33. Bg2 f1Q+ 34. Bxf1 Rxh1 35. Bg2 Rh2 36. Kf3 Rxg2 37. Kxg2 Kd4 38. Kf3 Kxd3 0-1

[Event "Milan Province-ch"]
[Site "Milan"]
[Date "2015.01.31"]
[Round "4"]
[White "Mazzoccoli, Simone"]
[Black "Pirovano, Ezio"]
[Result "1-0"]
[WhiteElo "1760"]
[BlackElo "1505"]
[PlyCount "85"]
[EventDate "2015.01.24"]
[EventType "swiss"]
[EventRounds "6"]
[EventCountry "ITA"]
[SourceTitle "EXT 2017"]
[Source "ChessBase"]
[SourceDate "2016.10.25"]
[SourceVersion "1"]
[SourceVersionDate "2016.10.25"]
[SourceQuality "1"]

1. e4 e5 2. Nf3 Nc6 3. d4 exd4 4. Nxd4 Nf6 5. Nxc6 bxc6 6. Bd3 d5 7. exd5 cxd5 8. 0-0 Be7 9. Nc3 0-0 10. Bf4 Bg4 11. Qd2 Bb4 12. a3 Ba5 13. b4 Bb6 14. Bg5 Bd4 15. Bxh7+ Kxh7 16. Qxd4 Be6 17. f4 c6 18. f5 Bc8 19. Bxf6 Qxf6 20. Qxf6 gxf6 21. Rad1 Ba6 22. b5 Bxb5 23. Nxb5 cxb5 24. Rxd5 Rfc8 25. Rxb5 Rxc2 26. Rb7 Kg7 27. h3 Ra2 28. Rf3 a5 29. Rg3+ Kf8 30. h4 Re2 31. h5 Rd8 32. Rb1 Rd4 33. Rh3 Rg4 34. Rh2 Ree4 35. Rb3 Ref4 36. Rf3 Rh4 37. Rxh4 Rxh4 38. Rb3 Rg4 39. Kh2 Rh4+ 40. Rh3 Rxh3+ 41. Kxh3 Kg7 42. Kg4 a4 43. Kf4 1-0

[Event "Milan Province-ch"]
[Site "Milan"]
[Date "2015.01.31"]
[Round "5"]
[White "Pirovano, Ezio"]
[Black "Carli, Federico"]
[Result "0-1"]
[WhiteElo "1505"]
[BlackElo "1671"]
[PlyCount "66"]
[EventDate "2015.01.24"]
[EventType "swiss"]
[EventRounds "6"]
[EventCountry "ITA"]
[SourceTitle "EXT 2017"]
[Source "ChessBase"]
[SourceDate "2016.10.25"]
[SourceVersion "1"]
[SourceVersionDate "2016.10.25"]
[SourceQuality "1"]

1. e4 e5 2. Nf3 Nc6 3. Bb5 a6 4. Ba4 Nf6 5. 0-0 Be7 6. Re1 b5 7. Bb3 0-0 8. c3 d6 9. h3 Na5 10. Bc2 c5 11. d4 cxd4 12. cxd4 Bb7 13. Nbd2 Rc8 14. Nf1 Qc7 15. Bd3 Nd7 16. Ng3 exd4 17. Nxd4 Bf6 18. Ndf5 Nc5 19. Bf1 Nc4 20. Qg4 Ne5 21. Qd1 Rfd8 22. f4 Ng6 23. Nh5 Nxe4 24. Nxf6+ Nxf6 25. Bd2 Qc5+ 26. Ne3 Nxf4 27. Rc1 Qb6 28. Bc3 N6d5 29. Bd4 Rxc1 30. Nxd5 Rxd1 31. Nf6+ gxf6 32. Bxb6 Rxe1 33. Bxd8 Kg7 0-1

[Event "Milan Crespi op-B 35th"]
[Site "Milan"]
[Date "2014.12.08"]
[Round "6"]
[White "Strada, Giorgio"]
[Black "Pirovano, Ezio"]
[Result "1/2-1/2"]
[WhiteElo "1269"]
[BlackElo "1528"]
[PlyCount "85"]
[EventDate "2014.12.04"]
[EventType "swiss"]
[EventRounds "7"]
[EventCountry "ITA"]
[SourceTitle "EXT 2017"]
[Source "ChessBase"]
[SourceDate "2016.10.25"]
[SourceVersion "1"]
[SourceVersionDate "2016.10.25"]
[SourceQuality "1"]

1. d4 Nf6 2. Nf3 d5 3. e3 e6 4. Bd3 c5 5. c3 Nc6 6. Nbd2 Be7 7. 0-0 0-0 8. Re1 b6 9. e4 dxe4 10. Nxe4 cxd4 11. Nxf6+ Bxf6 12. cxd4 Nxd4 13. Nxd4 Bxd4 14. Be4 Rb8 15. Qh5 f5 16. Bd3 Bxf2+ 17. Kxf2 Qxd3 18. Re3 Qd4 19. Ke1 Qg4 20. Rh3 Qxh5 21. Rxh5 Bb7 22. Rg5 Rbc8 23. Rg3 Rc2 24. Kf1 Rfc8 25. Bh6 g6 26. h4 R8c4 27. Bg5 Ba6 28. Kg1 Rg4 29. Rxg4 fxg4 30. b3 Bb7 31. Rc1 Rxc1+ 32. Bxc1 Bd5 33. g3 Kf7 34. Bb2 Ke7 35. Be5 Kd7 36. Kf2 Kc6 37. Ke3 h5 38. Kf4 Kc5 39. Kg5 Be4 40. Bc3 Kd5 41. Kf6 b5 42. Ke7 Bf5 43. Kf6 1/2-1/2